| 000 | 00538nam a2200181Ia 4500 | ||
|---|---|---|---|
| 003 | GCL | ||
| 008 | 140319s9999 xx 000 0 ara d | ||
| 040 |
_aGCL / _cGCL |
||
| 082 | 0 | 4 |
_a415.1 _bم ا |
| 100 | 1 | _aمحمود فرج عبدالحافظ | |
| 245 | 1 | 0 |
_aاساس الاعراب / _cمحمود فرج عبدالحافظ |
| 260 |
_a[S.N] : _bدار المعرفة الجامعية ، _c1990 |
||
| 300 | _a350 ص | ||
| 490 | _a | ||
| 650 | 0 | 4 | _aالنحو العربى |
| 650 | 0 | 4 | _aالنحو - الافعال |
| 942 |
_2ddc _cBK |
||
| 999 |
_c37017 _d37017 |
||